000 00252nam a22001217a 4500
008 181025b xxu||||| |||| 00| 0 eng d
041 _aeng
080 _a330
100 _a58
101 _aBUS
245 _aBusiness Ethics
_cRath.D
942 _2udc
_cBK
999 _c50910
_d50910